Geografía de América por letra - M - Estadísticas

Estadísticas generales
  • Esta prueba ha sido intentada 1.673 veces
  • La puntuación promedio es 10 de 20
Estadísticas de respuestas
Pista Respuesta % Correcto
País hispanohablante más poblado México
98%
Capital de Nicaragua Managua
79%
Civilización mesoamericana que construyó pirámides Mayas
78%
Esta capital se encuentra en la orilla norte del Río de la Plata Montevideo
73%
Los ríos más largos de Norteamérica Misisipi
71%
Ciudad francófona más poblada de América Montreal
59%
Un paso entre los océanos Pacífico y Atlántico Estrecho de {Magallanes}
52%
Capital de Antioquia Medellín
52%
Importante ciudad para la industria en el norte de ese país Monterrey
52%
Una de las nuevas siete maravillas del mundo Machu Picchu
49%
Los ríos más largos de Norteamérica Misuri
49%
Lago (o quizá bahía) venezolano Maracaibo
42%
Una de las ciudades más pobladas en la península de Yucatán Mérida
38%
Antilla francesa Martinica
31%
Insecto cuya migración se extende sobre Norteamérica Mariposa monarca
30%
Las cataratas del Iguazú funciona como frontera natural para esta provincia argentina Misiones
28%
Provincia canadiense Manitoba
26%
A veces llamado la capital de Latinoamérica Miami
20%
Segundo estado brasileño más poblado Minas Gerais
17%
Esta ciudad portuaria, «La perla del Pacífico», tiene playas famosas Mazatlán
11%
No se encontraron pruebas coincidentes
Distribución de puntuación
Porcentaje de gente con cada puntuación
Porcentaje por número respondido
Historial de tus puntuaciones
No has intentado esta prueba.